000 01190cam a22002651i 4500
003 SA-RiAUC
005 20240928110604.0
008 240927s1996 su f f00000 ara c
040 _aSA-RiKSU
_bara
_cSA-RiAUC
_erda
082 0 4 _a414
_qSA-RiAUC
090 _a414
_bر ب ي
100 1 _aالربيعي، حامد صالح خلف،
_d1379 هجري-
_eمؤلف.
245 1 0 _aمقاييس البلاغة بين الأدباء والعلماء /
_cحامد صالح خلف الربيعي.
264 1 _aمكة المكرمة :
_bجامعة أم القرى، معهد البحوث العلمية وإحياء التراث الإسلامي،
_c1996
300 _a766 صفحة ؛
_c24 سم.
336 _aنص
_btxt
_2rdacontent
_3كتاب
337 _aبدون وسيط
_bn
_2rdamedia
338 _aمجلد
_bnc
_2rdacarrier
490 0 _aسلسلة بحوث اللغة العربية وآدابها
500 _aالأصل أطروحة (دكتوراه)-جامعة أم القرى، كلية اللغة العربية، 1413 هـ.
650 7 _aالبلاغة العربية
_2aucsh
942 _2ddc
_cBOOK
_n0
949 _aSA-JeALM
_d240927
_umohamedma123
_n1
999 _c621
_d621